كتاب ترجمان تركى وعربى
محفوظ في:
المؤلف الرئيسي:
التنسيق: كتاب
اللغة: Undetermined
منشور في:
Cairo
Castle Press
1849
الوسوم: إضافة وسم
لا توجد وسوم, كن أول من يضع وسما على هذه التسجيلة!
رقم الطلب: (R)P21 TRAG
| LEADER | 00341nam a2200121Ia 4500 | ||
|---|---|---|---|
| 008 | 240404s9999||||xx |||||||||||||| ||und|| | ||
| 050 | 4 | |a (R)P21 TRAG | |
| 100 | 1 | |a أنطون خلاص. | |
| 245 | 1 | 0 | |a كتاب ترجمان تركى وعربى |c أنطون خلاص |
| 264 | 1 | |a Cairo |b Castle Press |c 1849 | |
| 300 | |a 72 |c 20 | ||
| 942 | |2 lcc |c BK | ||
| 999 | |c 58016 |d 58016 | ||
